QUALITY control in furniture manufacture : technology guidebook

Bibliographic Details
Corporate Author: ASEAN Timber Technology Centre (ATTC)
Format: Book
Published: Kuala Lumpur : ASEAN Timber Technology Centre , 1992
Subjects:

MARC

LEADER 00000cam a2200000 7i4500
001 0000001900
005 20020416.0
020 0 0 |a 983-99752-4-2 
090 0 0 |a 684.1   |b QUA 1992 
245 0 0 |a QUALITY control in furniture manufacture :   |b technology guidebook 
260 0 0 |a Kuala Lumpur :   |b ASEAN Timber Technology Centre ,   |c 1992 
300 |a 85 p. :   |b ill. ;   |c 30 cm. 
650 0 0 |a Furniture industry and trade   |z Malaysia   |x Quality control 
710 1 1 |a ASEAN Timber Technology Centre (ATTC) 
998 |a JPSM 
999 |a 0000003034   |b Monograph   |c Open Shelf   |e Default branch